Gestão intercultural do currículo (Registo nº 30)
[ vista simples ]
| 000 -Etiqueta do registo | |
|---|---|
| Cabeçalho | 00841cam a2200325 4500 |
| 005 - Identificador da versão | |
| Campo de controlo | 20240813121752.0 |
| 010 ## - Número internacional normalizado dos livros (ISBN) | |
| Número (ISBN) | 9728339305 |
| 035 ## - Other System Control Numbers | |
| System Control Number | 0000031 |
| System Control Number | 0000031 |
| System Control Number | 0000031 |
| System Control Number | 0000031 |
| 100 ## - Dados gerais de processamento | |
| Dados gerais de processamento | 20010809d2001 m y0pory5003 ba |
| 102 ## - Pais de publicação ou produção | |
| País de publicação | Portugal |
| 101 0# - Língua de publicação | |
| Língua do texto, banda sonora, etc. | Português |
| 106 ## - Campo de dados codificados: material textual | |
| Dados codificados do material textual | r |
| 105 ## - Campo de dados codificados: livros | |
| Dados codificados dos livros | y z 000yy |
| 215 ## - Descrição física | |
| Indicação específica da natureza do documento e extensão da espécie | 239 p. |
| 200 1# - Titulo e menção de responsabilidade | |
| Título próprio | Gestão intercultural do currículo |
| Informação de outro título | 2º ciclo |
| Primeira menção de responsabilidade | coord. Carlos Cardoso |
| 225 2# - Colecção | |
| Título próprio da colecção | Educação intercultural |
| Indicação de volume | 11 |
| 205 ## - Menção da edição | |
| Menção da edição | 1ª ed |
| 210 ## - Publicação, Distribuição, etc. | |
| Lugar da edição, distribuição, etc. | Lisboa |
| Nome do editor, distribuidor, etc. | Secretariado Entreculturas |
| Data da publicação, distribuição, etc. | 2001 |
| 675 ## - Classificação Decimal Universal (CDU) | |
| Notação | 371.214 |
| Edição | BN |
| Língua da edição | por |
| Edição | BN |
| Língua da edição | por |
| Notação | 373.4(469) |
| Edição | BN |
| Língua da edição | por |
| 702 ## - Nome de autor-pessoa física (responsabilidade secundária) | |
| Número de registo de entrada de autoridade | 0000080 |
| Palavra de ordem | Cardoso |
| Outra parte do nome não tomada para palavra de ordem | Carlos |
| Código de função | Editor literário / Coordenador |
| 966 ## - Identificação da Biblioteca | |
| Sigla | NUMETECA |
| 942 ## - Elementos de entrada adicionados (Koha) | |
| Tipo de item no Koha | Livro |
| Situação do levantamento | Origin of item (home branch) (coded) | Biblioteca de empréstimo | Código de barras | Cota | Circulation type (not for loan) | Tipo de documento | Nota do exemplar | Damaged status |
|---|---|---|---|---|---|---|---|---|
| Biblioteca Escolar Eng. Nuno Mergulhão | Biblioteca Escolar Eng. Nuno Mergulhão | BENM275 | 3 EDU CAR | Livro | Sem mensagem |
